000 00757cab a2200229 4500
001 WB2801-12
008 090401t1991 xxu||||| |||| 00| 0 eng d
035 _a(Sirsi) u49967
041 _aeng
245 _aHabitats directive agreed
260 _c1991
350 _a0
490 _aDoE News Release
_v(795) 13 December 1991, (2)
520 _aBritain has signed the EC Habitats Directive. It has been adopted by the Council of Environment Ministers to set up a network of Special Areas of Conservation called Natura 2000.
650 _aEC DIRECTIVES
650 _aENDANGERED SPECIES
650 _aSPECIAL AREAS OF CONSERVATION
650 _aSITES OF SPECIAL SCIENTIFIC INTEREST
690 _aCONSERVATION
942 _n0
948 _c04/03/1997
999 _c31260
_d31260